000 00891cab a2200313 4500
001 ABS47402
008 090401t1992 xxu||||| |||| 00| 0 eng d
035 _a(Sirsi) u61825
041 _aeng
100 _aBrister, A.
245 4 _aThe BREEAM machine
260 _c1992
350 _a0
490 _aBuilding Services
_v14(11) November 1992, 18-21(4)
520 _aThis Building Analysis profiles the BREEAM-rated development at Tarrant House, Milton Keynes. Includes technical data.
650 _aBREEAM-RATED
650 _aBUILDING PROJECTS
650 _aENERGY CONSUMPTION
650 _aGLAZING
650 _aLIGHTING
650 _aLOW-ENERGY OFFICES
650 _aMILTON KEYNES
650 _aSOLAR SHADING
650 _aTHERMAL INSULATION
650 _aWINDOWS
690 _aBUILDING AND CONSTRUCTION-ENERGY CONSERVATION
942 _n0
948 _c04/03/1997
999 _c38342
_d38342